[Event "ch-ESP Abierto"]
[Site "Seville ESP"]
[Date "2004.08.17"]
[Round "5"]
[White "Serra Olives,T"]
[Black "Bernal Moro,L"]
[Result "0-1"]
[WhiteElo "2182"]
[BlackElo "2425"]

1.e4 c5 2.Nf3 e6 3.d4 cxd4 4.Nxd4 Nc6 5.Nc3 a6 6.Be2 Nge7 7.f4 b5 8.Bf3 Nxd4
9.Qxd4 Bb7 10.O-O Rc8 11.Kh1 Nc6 12.Qf2 Be7 13.Be3 O-O 14.Rad1 Qe8 15.e5 Na5
16.Bxb7 Nxb7 17.f5 f6 18.Qf3 Nd8 19.fxe6 dxe6 20.Qg3 f5 21.Rd2 Nc6 22.Rfd1 Qg6
23.Qf4 h6 24.Ne2 Rfd8 25.c3 Qh5 26.Nd4 Nxd4 27.cxd4 Bb4 28.g4 Qh3 29.Rf2 fxg4
30.Rg1 Rf8 31.Qxg4 Qxg4 32.Rxg4 Rxf2 33.Bxf2 Rc1+ 34.Rg1 Rxg1+ 35.Kxg1 Kf7
36.Kg2 Kg6 37.Kf3 Kf5 38.Ke3 g5 39.h4 g4 40.Bg3 h5 41.Kd3 Bf8 42.a4 bxa4
43.Kc4 Ke4 44.Bf2 a3 45.bxa3 Bxa3 46.Bg1 g3 47.Kb3 Be7 48.Kc4 a5 49.Kb5 Kd5  0-1

[Event "14th Open"]
[Site "Abu Dhabi UAE"]
[Date "2004.08.18"]
[Round "5"]
[White "Neelotpal,D"]
[Black "Mashinskaya,I"]
[Result "1/2-1/2"]
[WhiteElo "2448"]
[BlackElo "2234"]

1.e4 c5 2.Nf3 e6 3.d4 cxd4 4.Nxd4 Nc6 5.Nc3 Bb4 6.Nxc6 dxc6 7.Qxd8+ Kxd8
8.Bd2 e5 9.O-O-O Ke8 10.Bc4 b5 11.Bb3 Nf6 12.f3 Nd7 13.Kb1 Be7 14.Ne2 Nc5
15.Ba5 Be6 16.Nc1 f6 17.Bxe6 Nxe6 18.Nb3 Rb8 19.a3 Rb7 20.Bd2 Kf7 21.Be3 Rd8
22.Na5 Rxd1+ 23.Rxd1 Rc7 24.c3 Ke8 25.b4 c5 26.Kb2 a6 27.Rd5  1/2-1/2

[Event "ch-ESP Abierto"]
[Site "Seville ESP"]
[Date "2004.08.18"]
[Round "6"]
[White "Alcazar Jimenez,V"]
[Black "Saldano,H"]
[Result "0-1"]
[WhiteElo "2412"]
[BlackElo "2474"]

1.e4 c5 2.Nf3 e6 3.Nc3 Nc6 4.d4 cxd4 5.Nxd4 Qc7 6.Be2 Nf6 7.O-O Be7 8.Be3 O-O
9.f4 d6 10.Kh1 Rd8 11.Qe1 Nxd4 12.Bxd4 e5 13.Be3 exf4 14.Bxf4 Be6 15.Qg3 Nd7
16.Bg4 Bf8 17.Nb5 Qb6 18.Bxe6 fxe6 19.Bh6 g6 20.Bxf8 Nxf8 21.Qg5 Rd7 22.Rf3 h6
23.Rxf8+ Rxf8 24.Qxg6+ Rg7 25.Qxe6+ Kh7 26.Nxd6 Qf2 27.g3 Qf3+ 28.Kg1 Qe3+
29.Kh1 Rf2 30.Qh3 Rf6 31.Nb5 Qxe4+ 32.Qg2 Qb4 33.a4 Qxb2 34.Qe4+ Kh8 35.Rd1 Rf8
36.Nd6 Qf6 37.Nxb7 Re7 38.Qg2 Qf3 39.Qxf3 Rxf3 40.Kg2 Rc3 41.Rd8+ Kh7 42.Na5 Rxc2+
43.Kh3 Rc3 44.Rd6 Rec7 45.Rd4 Kg7 46.Rg4+ Kf6 47.Rb4 Kg6 48.Rg4+ Kh7 49.Re4 R3c5
50.Nb3 Rc4 51.Re6 Rxa4 52.Nd2 Ra2 53.Nf3 a5 54.Nd4 h5 55.Re5 Kg6 56.Re6+ Kf7
57.Re5 Rc4 58.Nf3 Rc3 59.Rf5+ Kg7 60.Nh4 Rcc2 61.Rxh5 Rxh2+ 62.Kg4 a4 63.Kf4 Rhf2+
64.Ke3 Rfb2 65.Kd3 a3 66.Ra5 Kf6 67.Kc3 Rb1 68.Ra6+ Kf7 69.Nf3 Raa1 70.Ne5+ Kg7
71.Nc4 a2 72.Nd2 Rb7 73.Kc2 Rd7 74.Kb2 Rg1 75.Nb3 Rg2+ 76.Kc3 Rxg3+ 77.Kc4 Rc7+  0-1

[Event "Open"]
[Site "Vladimir RUS"]
[Date "2004.08.18"]
[Round "1"]
[White "Amonatov,F"]
[Black "Kachar,V"]
[Result "1-0"]
[WhiteElo "2569"]
[BlackElo "2367"]

1.e4 c5 2.Nf3 e6 3.d4 cxd4 4.Nxd4 Nc6 5.Nc3 Qc7 6.Be3 a6 7.Qd2 Nf6 8.O-O-O Bb4
9.f3 b5 10.g4 h6 11.Kb1 Bb7 12.Nb3 Rc8 13.Bd3 Be7 14.h4 Ne5 15.g5 Nh5 16.Qf2 d6
17.Rhg1 hxg5 18.hxg5 g6 19.f4 Nc4 20.Bxc4 Qxc4 21.f5 gxf5 22.exf5 exf5 23.Bd4 Rg8
24.Na5 Qc7 25.Nxb7 Qxb7 26.Qxf5 Ng7 27.Qh7 Kf8 28.Rdf1  1-0

[Event "Knjaz Milos Jezero Open"]
[Site "Belgrade SCG"]
[Date "2004.08.19"]
[Round "3"]
[White "Aksentijevic,M"]
[Black "Andrijevic,M"]
[Result "1/2-1/2"]
[WhiteElo "2219"]
[BlackElo "2383"]

1.e4 c5 2.Nf3 Nc6 3.d4 cxd4 4.Nxd4 e6 5.Nc3 Qc7 6.Be2 a6 7.O-O Nf6 8.Kh1 b5
9.Nxc6 dxc6 10.f4 Be7 11.e5 Nd5 12.Nxd5 cxd5 13.Be3 g6 14.c3 Bd7 15.Bd4 h5
16.g3 Bc5 17.Qd2 Qb6 18.a3 Rc8 19.Rfd1 Bxd4 20.Qxd4 Qxd4 21.Rxd4  1/2-1/2

[Event "54th ch-HUN"]
[Site "Budapest HUN"]
[Date "2004.08.19"]
[Round "1"]
[White "Varga,Zo"]
[Black "Balogh,C"]
[Result "1/2-1/2"]
[WhiteElo "2592"]
[BlackElo "2513"]

1.e4 c5 2.Nf3 Nc6 3.d4 cxd4 4.Nxd4 e6 5.Nc3 Qc7 6.Be3 a6 7.Bd3 Nf6 8.O-O h5
9.h3 b5 10.Qe2 Bb7 11.f4 Rc8 12.Nb3 Na5 13.e5 Nd5 14.Nxd5 Bxd5 15.Nxa5 Qxa5
16.c3 Qc7 17.a4 Bc5 18.axb5 axb5 19.Bxb5 Rb8 20.Bf2 O-O 21.c4 Bxf2+ 22.Rxf2 Bc6
23.Bxc6 Qxc6 24.Rd1 Rb4 25.Qxh5 Rxc4 26.Kh2 Rc2 27.Rdd2 Rxd2 28.Rxd2 Rb8
29.Qg5 Rb4 30.Qd8+ Kh7 31.Rxd7 Rxf4 32.Rd4 Re4 33.b4 Qb7 34.Qd6 Kg6 35.Qc5 Kf5
36.g4+ Kf4 37.b5 Rxd4 38.Qxd4+ Kf3 39.Qd3+ Kf4 40.Qg3+ Kg5 41.Qe3+ Kg6 42.Qd3+ Kh6
43.Kg3 Qh1 44.Qe3+ g5 45.Qf2 Qb7 46.b6 Kg7 47.Qf6+ Kh7 48.Qf3 Qxb6 49.Qxf7+ Kh6
50.Qf6+ Kh7 51.Qxg5 Qg1+ 52.Kf3 Qf1+ 53.Ke4 Qc4+ 54.Kf3 Qf1+  1/2-1/2

[Event "Knjaz Milos Jezero Open"]
[Site "Belgrade SCG"]
[Date "2004.08.20"]
[Round "4"]
[White "Bugarcic,I"]
[Black "Petkovic,N"]
[Result "0-1"]
[WhiteElo "2205"]
[BlackElo "2049"]

1.e4 c5 2.Nf3 e6 3.d4 cxd4 4.Nxd4 Nc6 5.Nc3 Qc7 6.Be2 a6 7.Be3 Nf6 8.O-O Bb4
9.Na4 O-O 10.Nxc6 bxc6 11.Nb6 Rb8 12.Nxc8 Rfxc8 13.Bxa6 Rf8 14.Bd3 Bd6 15.Kh1 Be5
16.c3 Rxb2 17.Qc1 Ng4 18.f4 Nxe3 19.fxe5 Qb6 20.Rf3 Ng4 21.h3 Nxe5 22.Rg3 Nxd3
23.Rxg7+ Kh8 24.Qh6 Nf2+ 25.Kh2 Qb8+ 26.Rg3 Ng4+ 27.hxg4 Rg8 28.Qf6+ Rg7
29.e5 Re2 30.Rd1 Rxe5 31.Rxd7 Rh5+ 32.Kg1 Qb6+ 33.Qd4 Qxd4+ 34.Rxd4 Rd5 35.Ra4 Rgg5
36.Rf3 f5 37.Ra8+ Kg7 38.gxf5 exf5 39.Ra7+ Kg6 40.Ra6 Rc5 41.Rd3 Kh5 42.Rh3+ Kg4
43.Ra4+ f4 44.Rf3 Rgf5 45.Kf2 Ra5 46.Rc4 Rxa2+ 47.Kg1 c5 48.Re4 h5 49.Re8 Ra4
50.Rg8+ Rg5 51.Rf8 Re5 52.Rg8+ Rg5 53.Rf8 Re4 54.Kh2 c4 55.Rf7 Rd5 56.Rg7+ Rg5
57.Rf7 Rd5 58.Rg7+ Kf5 59.Rf7+ Kg5 60.Rf8 Rf5 61.Rg8+ Kf6 62.Rc8 Ke7 63.Rf2 Kd7
64.Ra8 Re3 65.Ra7+ Ke6 66.Rfa2 Rxc3 67.R2a6+ Kd5  0-1

[Event "52nd ch-HUN w"]
[Site "Budapest HUN"]
[Date "2004.08.20"]
[Round "2"]
[White "Rudolf,A"]
[Black "Medvegy,N"]
[Result "0-1"]
[WhiteElo "2185"]
[BlackElo "2407"]

1.e4 c5 2.Nf3 e6 3.d4 cxd4 4.Nxd4 Nc6 5.Nc3 Qc7 6.g3 a6 7.Bg2 Nf6 8.O-O Bc5
9.Nb3 Ba7 10.Bf4 Ne5 11.Qd2 d6 12.Rad1 Ke7 13.Qe2 Rd8 14.Nd4 h6 15.Kh1 b5
16.Bc1 b4 17.f4 bxc3 18.fxe5 dxe5 19.Nb3 Bd7 20.Bxh6 Bb5 21.Qf3 Rxd1 22.Rxd1 gxh6
23.g4 Bc4 24.Qxc3 Nxg4 25.Rd2 Nf2+ 26.Rxf2 Bxf2 27.Nd2 Rc8 28.Qb4+ Qd6 29.Qb7+ Rc7  0-1

[Event "I Fincas Mediterranea"]
[Site "Castelldefels ESP"]
[Date "2004.08.20"]
[Round "3"]
[White "Cantero Martin,A"]
[Black "Milov,L"]
[Result "0-1"]
[WhiteElo "2098"]
[BlackElo "2454"]

1.e4 c5 2.Nf3 e6 3.d4 cxd4 4.Nxd4 Nc6 5.Nc3 Qc7 6.g3 a6 7.Bg2 d6 8.O-O Bd7
9.Be3 Nf6 10.Re1 Be7 11.f4 O-O 12.f5 b5 13.Rc1 Rfe8 14.fxe6 fxe6 15.Qe2 Rac8
16.Nxc6 Bxc6 17.Bd4 Nd7 18.Nd5 exd5 19.exd5 Bf6 20.Qxe8+ Rxe8 21.Rxe8+ Kf7
22.Bxf6 Nxf6 23.Re2 Bxd5 24.Rce1  0-1

[Event "ch-ESP Cerrado"]
[Site "Seville ESP"]
[Date "2004.08.20"]
[Round "3"]
[White "Perez Candelario,Man"]
[Black "Del Rio Angelis,S"]
[Result "1/2-1/2"]
[WhiteElo "2498"]
[BlackElo "2502"]

1.e4 c5 2.Nc3 e6 3.Nf3 Nc6 4.d4 cxd4 5.Nxd4 Qc7 6.g3 a6 7.Bg2 Nf6 8.O-O Be7
9.Kh1 O-O 10.a4 d6 11.Be3 Bd7 12.f4 b6 13.Nb3 Nb4 14.g4 d5 15.e5 Ne4 16.Nxe4 dxe4
17.Nd4 f5 18.c3 Nd5 19.Bg1  1/2-1/2

[Event "ch-ESP Abierto"]
[Site "Seville ESP"]
[Date "2004.08.20"]
[Round "8"]
[White "Martin Rueda,D"]
[Black "Rodriguez Guerrero,E"]
[Result "0-1"]
[WhiteElo "2296"]
[BlackElo "2423"]

1.e4 c5 2.Nf3 e6 3.d4 cxd4 4.Nxd4 Nc6 5.Nc3 Qc7 6.Be2 a6 7.Be3 Nf6 8.O-O Be7
9.f4 d6 10.Kh1 O-O 11.a4 Re8 12.Bf3 Bf8 13.Nb3 b6 14.a5 bxa5 15.e5 dxe5 16.fxe5 Rd8
17.Qe1 Nd5 18.Nxd5 exd5 19.Nxa5 Bb4 20.Nxc6 Bxe1 21.Nxd8 Qxd8 22.Rfxe1 Qc7
23.c3 Rb8 24.Re2 Bf5 25.Bd4 Qc4 26.b4 Rc8 27.h3 Rc6 28.Ra5 Be4 29.Re3 Qf1+
30.Kh2 Rg6 31.Bxe4 dxe4 32.Ra2 Qf4+ 33.Kg1 f5 34.exf6 Rxf6 35.Rae2 Re6 36.Rf2 Qc7
37.Rf5 h6 38.Rf2 Qc6 39.Rf4 Qd5 40.Rf2 Qd6 41.Rf5 Qd7 42.Rf4 Qd5 43.Rf2 Re7
44.Rfe2 Kf7 45.Bc5 Re6 46.Bd4 g5 47.Rf2+ Ke8 48.g4 Re7 49.Rf5 Qb3 50.Kg2 Kd7
51.Rf6 Re6 52.Rf2 Kc6 53.Rf1 Rd6 54.Rfe1 Re6 55.Rf1 Qc2+ 56.Rf2 Qb1 57.Rf1 Qb3
58.Rf2 Rd6 59.Rfe2 Qd5 60.Rf2 Qc4 61.Rf5 Qa2+ 62.Rf2 Qb1 63.Rf1 Qc2+ 64.Rf2 Qb3
65.Rf1 Rxd4  0-1

[Event "ch-ESP Abierto"]
[Site "Seville ESP"]
[Date "2004.08.20"]
[Round "8"]
[White "Vehi Bach,V"]
[Black "Saldano,H"]
[Result "1/2-1/2"]
[WhiteElo "2379"]
[BlackElo "2474"]

1.e4 c5 2.Nf3 e6 3.d4 cxd4 4.Nxd4 Nc6 5.Nc3 Qc7 6.Be3 Nf6 7.Qd2 Bb4 8.f3 Nxd4
9.Bxd4 e5 10.Be3 Bxc3 11.Qxc3 Qxc3+ 12.bxc3 d6 13.a4 Be6 14.a5 Kd8 15.Bd3 Nd7
16.Kd2 Kc7 17.Rhb1 Nc5 18.Rb4 Rhb8 19.f4 f6 20.f5 Bd7 21.g4 h6 22.h4 Bc6
23.Ke2 b6 24.Kf3 Rd8 25.Bb5 Bb7 26.a6 Bc6 27.Bxc6 Kxc6 28.c4 Rd7 29.Ra3 Rb8
30.Rb5 Rdd8 31.Bf2 Rd7 32.Be3 Rdd8 33.Bf2 Rd7  1/2-1/2

[Event "ch-ESP Abierto"]
[Site "Seville ESP"]
[Date "2004.08.20"]
[Round "8"]
[White "Serra Olives,T"]
[Black "Ortega Hermida,D"]
[Result "0-1"]
[WhiteElo "2182"]
[BlackElo "2399"]

1.e4 c5 2.Nf3 e6 3.d4 cxd4 4.Nxd4 Nc6 5.Nc3 Qc7 6.Be2 a6 7.O-O Nf6 8.Be3 Be7
9.Kh1 O-O 10.f4 d6 11.Qe1 Bd7 12.Nf3 d5 13.e5 Ng4 14.Bg1 f6 15.h3 Nh6 16.Bd3 fxe5
17.fxe5 b5 18.a3 Rae8 19.g4 Rxf3 20.Rxf3 Nxe5 21.Rf1 Bc6 22.Bh2 Bd6 23.Qe2 Nhf7
24.Rae1 Nc4 25.Bxd6 Nfxd6 26.b3 d4+ 27.Kg1 dxc3 28.bxc4 bxc4 29.Bxh7+ Kxh7
30.Qe5 Nb5 31.Qh5+ Kg8 32.Re3 Qa7 33.Re1 Nd4 34.g5 Nf3+ 35.Kf2 Nxe1 36.g6 Qd4  0-1

[Event "Open A"]
[Site "Bratto ITA"]
[Date "2004.08.21"]
[Round "2"]
[White "Lucaroni,M"]
[Black "Khenkin,I"]
[Result "1/2-1/2"]
[WhiteElo "2305"]
[BlackElo "2573"]

1.e4 c5 2.Nc3 Nc6 3.Nf3 e6 4.d4 cxd4 5.Nxd4 Nf6 6.Be3 Bb4 7.Bd3 d5 8.Nxc6 bxc6
9.e5 Nd7 10.Qg4 Bf8 11.Qg3 Rb8 12.b3 h5 13.h4 Rb4 14.Be2 d4 15.a3 dxe3 16.axb4 Bxb4
17.Qxe3 Qb6  1/2-1/2

[Event "Open"]
[Site "Vladimir RUS"]
[Date "2004.08.21"]
[Round "4"]
[White "Vorobiov,E"]
[Black "Truskavetsky,A"]
[Result "1-0"]
[WhiteElo "2534"]
[BlackElo "2387"]

1.e4 c5 2.Nf3 e6 3.Nc3 Nc6 4.d4 cxd4 5.Nxd4 a6 6.f4 Qc7 7.Nxc6 dxc6 8.Bd3 b5
9.a4 b4 10.Nb1 Bc5 11.Qf3 Nf6 12.Nd2 Bb7 13.Nc4 h5 14.Be3 Bxe3 15.Qxe3 c5
16.e5 Nd5 17.Qf3 O-O-O 18.Be4 f5 19.exf6 gxf6 20.f5 Nb6 21.Nxb6+ Qxb6 22.a5 Qc7
23.O-O e5 24.c3 Kb8 25.cxb4 cxb4 26.Rfc1 Bxe4 27.Qxe4 Qa7+ 28.Kh1 Qb7 29.Qe2 Rd4
30.Rd1 h4 31.Rxd4 exd4 32.h3 Rg8 33.Rd1 Qd5 34.Rd2 Rc8 35.Rd1 Rg8 36.Qf2 Qc6
37.Rxd4 b3 38.Rxh4  1-0

[Event "Rapid"]
[Site "Sao Paulo BRA"]
[Date "2004.08.22"]
[Round "6"]
[White "Anand,V"]
[Black "Morovic Fernandez,I"]
[Result "1-0"]
[WhiteElo "2782"]
[BlackElo "2573"]

1.e4 c5 2.Nf3 e6 3.d4 cxd4 4.Nxd4 Nc6 5.Nc3 a6 6.Nxc6 bxc6 7.Bd3 d5 8.O-O Nf6
9.Re1 Bb7 10.Bf4 Be7 11.Qf3 Qa5 12.a3 d4 13.e5 dxc3 14.exf6 cxb2 15.fxe7 bxa1=Q
16.Rxa1 Kxe7 17.Rb1 Bc8 18.Qg3 Kf8 19.Bd6+ Kg8 20.Be5 g6 21.Qg5 h6 22.Qf6 Rh7
23.Bxg6 fxg6 24.Qxg6+ Kf8 25.Bd6+  1-0

[Event "Open"]
[Site "Vladimir RUS"]
[Date "2004.08.23"]
[Round "6"]
[White "Bragin,A1"]
[Black "Vitiugov,N"]
[Result "0-1"]
[WhiteElo "2396"]
[BlackElo "2465"]

1.e4 c5 2.Nf3 e6 3.d4 cxd4 4.Nxd4 Nc6 5.Nc3 Qc7 6.Be2 Nf6 7.O-O Be7 8.Be3 O-O
9.f4 d6 10.Kh1 a6 11.Qe1 Nxd4 12.Bxd4 b5 13.a3 Bb7 14.Qg3 Bc6 15.Rae1 Qb7
16.Bf3 g6 17.f5 e5 18.Be3 Kh8 19.Bg5 Ng8 20.Rd1 b4 21.axb4 Qxb4 22.Rb1 Rac8
23.Bxe7 Nxe7 24.f6 Ng8 25.Be2 a5 26.Bd3 a4 27.Nd5 Bxd5 28.exd5 Qd4 29.Qf3 Rc5
30.Be4 Rc4 31.Rfe1 Rb8 32.Bd3 Rcc8 33.c3 Qf4 34.Qd1 Nxf6 35.Rf1 Qg5 36.Qxa4 Ng4
37.Be4 Qh4 38.h3 Nf2+ 39.Rxf2 Qxf2 40.Qa3 Qb6 41.Qa4 f5 42.Bd3 e4 43.Bf1 Rxc3  0-1

[Event "73rd ch-UKR"]
[Site "Kharkiv UKR"]
[Date "2004.08.25"]
[Round "1.2"]
[White "Lahno,Kateri"]
[Black "Goloshchapov,A"]
[Result "1-0"]
[WhiteElo "2472"]
[BlackElo "2577"]

1.e4 c5 2.Nf3 Nc6 3.d4 cxd4 4.Nxd4 e6 5.Nc3 Qc7 6.Be3 a6 7.Qd2 Nf6 8.O-O-O Bb4
9.f3 Ne5 10.Nb3 b5 11.Bd4 Be7 12.Kb1 d6 13.Qf2 O-O 14.g4 Nfd7 15.Rg1 Bb7
16.g5 Rfc8 17.a3 Nc4 18.Bxc4 Qxc4 19.Rg4 Qc7 20.f4 e5 21.Be3 exf4 22.Bxf4 Ne5
23.Rg3 Bf8 24.h4 Re8 25.h5 Rac8 26.h6 g6 27.Be3 Qe7 28.Bd4 Qe6 29.Rf1 Be7
30.Qg2 f5 31.gxf6 Bxf6 32.Nd5 Rf8 33.Nf4 Qe8 34.Bc3 Rxc3 35.bxc3 Kh8 36.Nd5 Bxd5
37.exd5 Nc4 38.Qh3 Nxa3+ 39.Ka2 b4 40.Qe6 Be5 41.Rgf3  1-0

[Event "Open"]
[Site "Vladimir RUS"]
[Date "2004.08.25"]
[Round "8"]
[White "Gabrielian,A"]
[Black "Tunik,G"]
[Result "1-0"]
[WhiteElo "2456"]
[BlackElo "2505"]

1.e4 c5 2.Nf3 e6 3.d4 cxd4 4.Nxd4 Nc6 5.Nc3 a6 6.Be2 Qc7 7.O-O Nf6 8.Be3 d6
9.f4 Be7 10.a4 O-O 11.Kh1 Re8 12.Bf3 Rb8 13.g4 Bf8 14.g5 Nd7 15.Bg2 Qd8 16.Qd2 Nxd4
17.Bxd4 b6 18.Qf2 Bb7 19.Rad1 Qe7 20.f5 exf5 21.exf5 Qxg5 22.Bxb7 Rxb7 23.Rg1 Qh6
24.Qg2 Rbb8 25.Nd5 Ne5 26.Be3 Qh4 27.Rd4 Qd8 28.Bh6 g6 29.Bg5 Be7 30.Bxe7 Rxe7
31.Qg5 f6 32.Nxf6+ Kh8 33.fxg6 Rg7 34.Rh4 Nxg6 35.Qxg6 Qe7 36.Rxh7+  1-0

[Event "Open"]
[Site "Vladimir RUS"]
[Date "2004.08.25"]
[Round "8"]
[White "Vorobiov,E"]
[Black "Kim,Alex"]
[Result "1/2-1/2"]
[WhiteElo "2534"]
[BlackElo "2435"]

1.e4 c5 2.Nf3 e6 3.Nc3 Nc6 4.d4 cxd4 5.Nxd4 Nf6 6.Ndb5 d6 7.Bf4 e5 8.Bg5 a6
9.Na3 b5 10.Bxf6 gxf6 11.Nd5 Bg7 12.c3 f5 13.exf5 Bxf5 14.Nc2 Be6 15.Nce3 O-O
16.Bd3 f5 17.Qh5 e4 18.Bc2 Ne7 19.Rd1 Ra7 20.O-O Ng6 21.f4 a5 22.Kh1 Kh8
23.a3 Raf7 24.Rd2 Ne7 25.Nxe7 Qxe7 26.Qd1 b4 27.axb4 axb4 28.cxb4 d5  1/2-1/2

[Event "Open A"]
[Site "Bratto ITA"]
[Date "2004.08.26"]
[Round "7"]
[White "Sanchez,Joseph"]
[Black "Guido,F"]
[Result "1-0"]
[WhiteElo "2453"]
[BlackElo "2338"]

1.e4 c5 2.Nf3 e6 3.d4 cxd4 4.Nxd4 Nc6 5.Nc3 d6 6.Be3 Nf6 7.Qd2 Be7 8.f3 O-O
9.O-O-O d5 10.exd5 Nxd5 11.Nxd5 Qxd5 12.c4 Qd6 13.Nb5 Qb8 14.Bd3 Rd8 15.Qe2 Nb4
16.Bb1 Bd7 17.Nc3 Qe5 18.f4 Qa5 19.a3 Nc6 20.h4 Be8 21.h5 Rxd1+ 22.Rxd1 Rd8
23.Rxd8 Qxd8 24.c5 Nd4 25.Qd3 Nb3+ 26.Kc2 Qxd3+ 27.Kxd3 Bxc5 28.Bxc5 Nxc5+
29.Kc4 Na4 30.Nxa4 Bxa4 31.Kc5 Bc6 32.g3 h6 33.b4 Kf8 34.b5 Be8 35.a4 Ke7
36.a5 f5 37.b6 a6 38.Bd3 Bxh5 39.Bxa6 Bf3 40.Bb5 Kd8 41.Kd6 Kc8 42.Bd7+  1-0

[Event "IM"]
[Site "Kostrena CRO"]
[Date "2004.08.26"]
[Round "1"]
[White "Solic,K"]
[Black "Bosiocic,Mari"]
[Result "1/2-1/2"]
[WhiteElo "2171"]
[BlackElo "2308"]

1.e4 c5 2.Nf3 e6 3.d4 cxd4 4.Nxd4 Nc6 5.Nc3 Qc7 6.Be3 a6 7.Bd3 Nf6 8.O-O Bd6
9.h3 Be5 10.Nde2 d5 11.exd5 exd5 12.f4 Bd6 13.Nd4 O-O 14.Qf3 Bc5 15.Nxc6 Bxe3+
16.Qxe3 bxc6 17.Rae1 c5 18.Qe5 Qc6 19.Nxd5 Qxd5 20.Qxd5 Nxd5 21.Be4 Bb7  1/2-1/2

[Event "ch-CAN"]
[Site "Toronto CAN"]
[Date "2004.08.26"]
[Round "7"]
[White "Peng,D"]
[Black "Urquhart,E"]
[Result "1/2-1/2"]
[WhiteElo "2038"]
[BlackElo "2197"]

1.e4 c5 2.Nf3 Nc6 3.Nc3 e6 4.d4 cxd4 5.Nxd4 a6 6.g3 Qb6 7.Nb3 Nf6 8.Be3 Qc7
9.Bg2 d6 10.O-O Be7 11.a4 b6 12.f4 Rb8 13.Qe2 O-O 14.g4 Nd7 15.g5 Re8 16.Nd4  1/2-1/2

[Event "WGM"]
[Site "Krk CRO"]
[Date "2004.08.27"]
[Round "2"]
[White "Grabics,M"]
[Black "Nill,J"]
[Result "1/2-1/2"]
[WhiteElo "2305"]
[BlackElo "2247"]

1.e4 c5 2.Nf3 e6 3.d4 cxd4 4.Nxd4 Nc6 5.Nc3 a6 6.f4 Qc7 7.Nxc6 bxc6 8.e5 d5
9.exd6 Bxd6 10.Ne4 Be7 11.Bd3 Nf6 12.Qe2 O-O 13.O-O Bb7 14.b3 c5 15.Rb1 Nxe4
16.Bxe4 Bxe4 17.Qxe4 Bf6 18.c4 Rad8 19.Be3 Bd4 20.Rbd1 Bxe3+ 21.Qxe3 Qa5
22.a4 g6 23.h3 Qb6 24.Kh2  1/2-1/2

[Event "Paks Cup IM"]
[Site "Paks HUN"]
[Date "2004.08.27"]
[Round "7"]
[White "Papp,T"]
[Black "Bagonyai,A"]
[Result "0-1"]
[WhiteElo "2171"]
[BlackElo "2383"]

1.e4 c5 2.Nf3 Nc6 3.d4 cxd4 4.Nxd4 e6 5.Nc3 a6 6.g3 d6 7.Bg2 Bd7 8.Nb3 Be7
9.O-O Nf6 10.Be3 Ne5 11.Kh1 Qc7 12.f4 Nc4 13.Bc1 Rc8 14.Qe2 b5 15.f5 b4 16.fxe6 fxe6
17.Nd1 e5 18.Bg5 O-O 19.Nc1 Bb5 20.Nd3 a5 21.c3 Nb6 22.Rc1 Qc4 23.N1f2 b3
24.Qe3 Rb8 25.a3 h6 26.Bxf6 Bxf6 27.h4 Bd7 28.Rcd1 Qc7 29.Qe2 Nc4 30.Ng4 Bxg4
31.Qxg4 Ne3 32.Qe6+ Kh8 33.Nf2 Nxf1 34.Rxf1 Qc8 35.Qd5 Qc5 36.Nd1 Qxd5 37.exd5 Be7
38.Ne3 Rxf1+ 39.Bxf1 e4 40.Nc4 Bf6 41.Nd2 Re8 42.Nxb3 Rb8 43.Nxa5 Rxb2 44.Nc4 Rc2
45.a4 Bxc3 46.a5 Ra2 47.Bg2 Re2 48.a6 Bd4 49.Nxd6 e3 50.Nb5 Bb6 51.Nc3 Rc2  0-1

[Event "XVI Open"]
[Site "Porto San Giorgio ITA"]
[Date "2004.08.27"]
[Round "7"]
[White "Tomescu,V"]
[Black "Farago,I"]
[Result "1/2-1/2"]
[WhiteElo "2397"]
[BlackElo "2472"]

1.e4 c5 2.Nf3 e6 3.d4 cxd4 4.Nxd4 Nc6 5.Nc3 Qc7 6.Be3 a6 7.Bd3 Nf6 8.O-O Ne5
9.h3 Bc5 10.Na4 Ba7 11.c4 O-O 12.Rc1 Rd8 13.Qe2 d6 14.Nf3 Bxe3  1/2-1/2

[Event "XVI Open"]
[Site "Porto San Giorgio ITA"]
[Date "2004.08.28"]
[Round "8"]
[White "Mrdja,M"]
[Black "Schaefer,Mi1"]
[Result "1-0"]
[WhiteElo "2432"]
[BlackElo "2180"]

1.e4 c5 2.Nf3 e6 3.d4 cxd4 4.Nxd4 Nc6 5.Nc3 Nf6 6.Be3 d6 7.f3 Be7 8.Qd2 O-O
9.g4 a6 10.O-O-O Nxd4 11.Bxd4 b5 12.a3 Rb8 13.g5 Nd7 14.Rg1 Ne5 15.Qe3 Qc7
16.f4 Nc4 17.Bxc4 Qxc4 18.Bf6 Bd8 19.Rxd6 Bc7 20.b3  1-0

[Event "ch-CAN"]
[Site "Toronto CAN"]
[Date "2004.08.28"]
[Round "8"]
[White "Bluvshtein,M"]
[Black "Divljan,I"]
[Result "1-0"]
[WhiteElo "2462"]
[BlackElo "2317"]

1.e4 c5 2.Nf3 e6 3.d4 cxd4 4.Nxd4 Nc6 5.Nc3 Qc7 6.Be3 a6 7.Qd2 Nf6 8.O-O-O Bb4
9.f3 Ne5 10.Nb3 b5 11.Kb1 Be7 12.Qf2 d6 13.Bb6 Qb8 14.Bd4 O-O 15.g4 Nfd7
16.g5 Nc4 17.Bxc4 bxc4 18.Nd2 Bb7 19.Nxc4 Rc8 20.Na5 Bxg5 21.Rhg1 f6 22.f4 Bh6
23.e5 fxe5 24.fxe5 Rf8 25.Qh4 Bf4 26.Qg4 Rf7 27.Rdf1 Nxe5 28.Qxe6 Qc8 29.Qb3 Rb8
30.Rxf4 Bg2 31.Rxf7 Rxb3 32.Rxg7+ Kxg7 33.Rxg2+ Kf7 34.axb3 Ke6 35.Re2 Kf5
36.Bxe5 dxe5 37.Nc4  1-0

[Event "73rd ch-UKR"]
[Site "Kharkiv UKR"]
[Date "2004.08.29"]
[Round "3.4"]
[White "Goloshchapov,A"]
[Black "Romanishin,O"]
[Result "1/2-1/2"]
[WhiteElo "2577"]
[BlackElo "2541"]

1.e4 c5 2.Nf3 e6 3.d4 cxd4 4.Nxd4 Nc6 5.Nc3 a6 6.Nxc6 bxc6 7.Bd3 d5 8.O-O Nf6
9.Qe2 Be7 10.b3 O-O 11.Bb2 Nd7 12.Na4 Bf6 13.Bxf6 Qxf6 14.exd5 cxd5 15.c4 Ne5
16.Nb6 Rb8 17.Nxc8 Rfxc8 18.cxd5 exd5 19.Bxa6 Re8 20.Bd3 g6 21.Qd2 h5 22.h3 Re6
23.Kh1 Rbe8 24.Bb5 Rd8 25.f4 Nc6 26.f5 gxf5 27.Bxc6 Rxc6 28.Qf4 Qg7 29.Qxf5 Rg6
30.Rac1 d4 31.Rc8 Rxc8 32.Qxc8+ Kh7 33.Qf5 Kg8 34.Qc8+ Kh7 35.Qf5 Kg8 36.Qc8+  1/2-1/2

[Event "WGM"]
[Site "Krk CRO"]
[Date "2004.08.30"]
[Round "5"]
[White "Bazaj Bockai,S"]
[Black "Nill,J"]
[Result "0-1"]
[WhiteElo "2161"]
[BlackElo "2247"]

1.e4 c5 2.Nf3 e6 3.d4 cxd4 4.Nxd4 Nc6 5.Nc3 Qc7 6.Be2 a6 7.a4 Nf6 8.O-O Be7
9.Be3 d6 10.Nb3 b6 11.f4 Bb7 12.Bf3 O-O 13.Qe1 Nb4 14.Qf2 Nd7 15.Nd4 Nc5
16.Kh1 Bf6 17.Rad1 Rac8 18.Rfe1 Qb8 19.Qd2 Rfd8 20.Bg1 Nc6 21.Nde2 Qa8 22.Ng3 Bxc3
23.Qxc3 Nxa4 24.Qb3 b5 25.f5 Na5 26.Qb4 Nc4 27.b3 a5 28.Qxb5 Nc3 29.bxc4 Nxb5
30.cxb5  0-1

[Event "VI Sants Open"]
[Site "Barcelona ESP"]
[Date "2004.09.03"]
[Round "8"]
[White "Alsina Leal,D"]
[Black "Pogorelov,R"]
[Result "0-1"]
[WhiteElo "2274"]
[BlackElo "2421"]

1.e4 c5 2.Nf3 e6 3.d4 cxd4 4.Nxd4 Nc6 5.Nc3 d6 6.g4 a6 7.Be3 Nge7 8.Be2 Nxd4
9.Qxd4 Nc6 10.Qd2 Be7 11.O-O-O Qc7 12.g5 b5 13.f4 Rb8 14.Rhf1 Na5 15.Nb1 Bb7
16.Qd4 Rc8 17.Bd3 e5 18.Qc3 Nc4 19.Bxc4 Qxc4 20.Qxc4 Rxc4 21.Nd2 Rc7 22.fxe5 dxe5
23.Rf5 O-O 24.Rxe5 f6 25.Rxe7 Rxe7 26.Bc5 Re6 27.Bxf8 Kxf8 28.gxf6 Rxf6 29.e5 Rf2
30.Nb3 Rxh2 31.Nc5 Bc6 32.Ne6+ Ke7 33.Nd4 Be4 34.Re1 Rh1 35.Rxh1 Bxh1 36.Kd2 g5
37.Ke3 Bd5 38.a3 h5 39.b3 Kf7 40.Kf2 h4 41.Kg1 g4 42.Nf5 Ke6 43.Nxh4 Kxe5
44.Ng6+ Kd4 45.Nf4 Be4 46.Ne6+ Kc3 47.Nc5 Bxc2 48.b4 Kb2 49.Nxa6 Kxa3 50.Kg2 Bf5
51.Kg3 Bc8  0-1

[Event "It"]
[Site "Pune IND"]
[Date "2004.09.05"]
[Round "3"]
[White "Ganguly,S"]
[Black "Nisipeanu,LD"]
[Result "0-1"]
[WhiteElo "2574"]
[BlackElo "2686"]

1.e4 c5 2.Nf3 Nc6 3.d4 cxd4 4.Nxd4 e6 5.Nc3 Qc7 6.Be3 a6 7.Be2 Nf6 8.O-O Bb4
9.Na4 Be7 10.Nxc6 bxc6 11.Nb6 Rb8 12.Nxc8 Qxc8 13.e5 Nd5 14.Bc1 Bc5 15.c4 Ne7
16.b3 Qc7 17.Bb2 Ng6 18.Kh1 O-O 19.Bd3 d6 20.exd6 Qxd6 21.Qf3 e5 22.Be4 Rbc8
23.Rad1 Bd4 24.Qf5 c5 25.f4 exf4 26.Bxd4 cxd4 27.Qd5 Qa3 28.Rxd4 Qxa2 29.c5 Qe2
30.Bd3 Qe7 31.Bxg6 hxg6 32.Qd6 Rfe8 33.b4 a5 34.bxa5 Rxc5 35.Qxe7 Rxe7 36.Rdxf4 Rxa5
37.h3 f6 38.Kh2 g5 39.Rf5 Ra4 40.R1f2 Kh7 41.Rc5 Rh4 42.Rfc2 Ree4 43.g3 Rh6
44.Kg2 Kg6 45.Rc8 Rh5 46.Kf3 Rd4 47.Kg2 g4 48.hxg4 Rxg4 49.R2c5 Re5 50.Rc4 Rgg5
51.Rf4 Re3 52.Rf3 Re2+ 53.Rf2 Re1 54.Rcc2 Rge5 55.Rf1 R1e4 56.Rcf2 Kg5 57.Rf4 f5
58.R1f2 g6 59.Rf1 Re2+ 60.R1f2 Re1 61.Rf1 R1e4 62.R1f2 Rd5 63.R4f3 Rdd4 64.Rc2 Kg4
65.Rcf2 Rc4 66.Kh2 Rc1 67.Rf4+ Kg5 68.Rf1 Rxf1 69.Rxf1 Kg4 70.Rf2 g5 71.Rb2 Kf3
72.Kh3 f4 73.gxf4 gxf4 74.Rb3+ Kf2 75.Kh2 f3 76.Rb2+ Re2 77.Rb3 Kf1+ 78.Kg3 f2
79.Kh2 Re8 80.Rb1+ Ke2  0-1

[Event "1st Kalamaria Open"]
[Site "Thessaloniki GRE"]
[Date "2004.09.05"]
[Round "2"]
[White "Zagrebelny,S"]
[Black "Kiratzopoulos,E"]
[Result "1-0"]
[WhiteElo "2499"]
[BlackElo "2076"]

1.e4 c5 2.Nf3 e6 3.Nc3 Nc6 4.d4 cxd4 5.Nxd4 Nf6 6.a3 Be7 7.Be2 O-O 8.O-O a6
9.Nxc6 bxc6 10.e5 Nd5 11.Ne4 f5 12.Nd6 Bxd6 13.exd6 a5 14.c4 Nf6 15.Be3 Ba6
16.f3 Ne8 17.Qd2 h6 18.Rfd1 g5 19.b4 Qf6 20.Bd4 e5 21.Bc3 Qe6 22.b5 cxb5
23.cxb5 Bb7 24.Bxa5 e4 25.Rac1 Kh7 26.fxe4 fxe4 27.Bb4 Ng7 28.Rc7 Rab8 29.Bc4 Qe8
30.Re1 Ne6 31.Bd5 Bxd5 32.Qxd5 Qf7 33.Qxe4+ Kg8 34.Qc4 Qf2+ 35.Kh1 Rf4 36.Qc1 Rbf8
37.Rg1 R4f7 38.Rc8 Nd4 39.Rxf8+ Kxf8 40.Qc8+ Kg7 41.Bc3 Kg6 42.Qg8+  1-0